| 000 | 00890cam a2200289 a 4500 | ||
|---|---|---|---|
| 001 | 1794 | ||
| 005 | 20231002084513.0 | ||
| 020 | _a0439559677 (pbk.) | ||
| 040 |
_aOCO _cOCO _dXY4 _dOCLCQ _dDLC _beng |
||
| 050 | 0 | 0 |
_aPZ7 _b.F82534 2004 |
| 082 | 0 | 0 |
_a[Fic] _222 |
| 100 | _aStilton, Geronimo | ||
| 245 | 0 | 0 |
_aFour mice deep in the jungle / _cGeronimo Stilton. |
| 260 |
_aNew York : _bScholastic Inc., _c2004. |
||
| 300 |
_a110 pages : _bcolor illustrations, maps ; _c20 cm |
||
| 500 | _a"English translation... by Edizioni Piemme S.p.A."--T.p. verso. | ||
| 505 | _aH | ||
| 521 | 0 |
_a460
_bLexile |
|
| 521 | 1 |
_aH
_bRaz-Plus |
|
| 650 | 1 |
_aMice _vFiction. |
|
| 650 | 1 |
_aJungles _vFiction. |
|
| 650 | 1 |
_aJournalists _vFiction. |
|
| 650 | 1 |
_aAdventure and adventurers _vFiction. |
|
| 650 | 1 | _aHumorous stories. | |
| 906 |
_a7 _bcbc _ccopycat _d2 _encip _f20 _gy-gencatlg |
||
| 942 |
_2ddc _cBK _n0 |
||
| 999 |
_c1794 _d1794 |
||